Yuan Longping : the father of hybrid rice (Record no. 586574)

000 -LEADER
fixed length control field 00374nam a22001337a 4500
020 ## - INTERNATIONAL STANDARD BOOK NUMBER
International Standard Book Number 9787508536606
082 ## - DEWEY DECIMAL CLASSIFICATION NUMBER
Classification number 808.02 QIW
100 ## - MAIN ENTRY--PERSONAL NAME
Personal name Chen, Qiwen,
245 ## - TITLE STATEMENT
Title Yuan Longping : the father of hybrid rice
Statement of responsibility, etc. Chen, Qiwen,
260 ## - PUBLICATION, DISTRIBUTION, ETC.
Place of publication, distribution, etc. China
Name of publisher, distributor, etc. Intercontinental press
Date of publication, distribution, etc. 2019
300 ## - PHYSICAL DESCRIPTION
Extent 195p
942 ## - ADDED ENTRY ELEMENTS (KOHA)
Source of classification or shelving scheme
Koha item type Book
Holdings
Withdrawn status Lost status Source of classification or shelving scheme Materials specified (bound volume or other part) Damaged status Not for loan Permanent Location Current Location Shelving location Date acquired Full call number Barcode Date last seen Price effective from Koha item type Total Checkouts Source of acquisition
      Donated by Chinese embassy in Pakistan     Central Library (CL) Central Library (CL) Chinese Studies 10/18/2021 808.02 QIW CL-D-1351 10/18/2021 10/18/2021 Book    
      Donated by Chinese embassy in Pakistan     Central Library (CL) Central Library (CL) Chinese Studies 10/18/2021 808.02 QIW CL-D-1352 10/18/2021 10/18/2021 Book    
      Donated by Chinese Study Centre NUST     Central Library (CL) Central Library (CL) Chinese Studies 11/28/2025 808.02 QIW CL-D-3105 11/28/2025 11/28/2025 Book   Donation
            NUST Law School (NLS) NUST Law School (NLS)   07/17/2025 808.02 QIW NLSD-290 07/17/2025 07/17/2025 Book    
© 2023 Central Library, National University of Sciences and Technology. All Rights Reserved.